<?xml version="1.0" encoding="UTF-8"?><?xml-stylesheet type="text/xsl" href="static/style.xsl"?><OAI-PMH xmlns="http://www.openarchives.org/OAI/2.0/" xmlns:xsi="http://www.w3.org/2001/XMLSchema-instance" xsi:schemaLocation="http://www.openarchives.org/OAI/2.0/ http://www.openarchives.org/OAI/2.0/OAI-PMH.xsd"><responseDate>2026-06-04T12:24:25Z</responseDate><request verb="GetRecord" identifier="oai:recam.amb.cat:20.500.14439/4686" metadataPrefix="marc">https://recam.amb.cat/rest/oai/request</request><GetRecord><record><header><identifier>oai:recam.amb.cat:20.500.14439/4686</identifier><datestamp>2026-04-23T08:58:50Z</datestamp><setSpec>com_20.500.14439_2794</setSpec><setSpec>com_20.500.14439_113</setSpec><setSpec>col_20.500.14439_4201</setSpec></header><metadata><record xmlns="http://www.loc.gov/MARC21/slim" xmlns:dcterms="http://purl.org/dc/terms/" xmlns:xsi="http://www.w3.org/2001/XMLSchema-instance" xmlns:doc="http://www.lyncode.com/xoai" xsi:schemaLocation="http://www.loc.gov/MARC21/slim http://www.loc.gov/standards/marcxml/schema/MARC21slim.xsd">
   <leader>00925njm 22002777a 4500</leader>
   <datafield ind2=" " ind1=" " tag="042">
      <subfield code="a">dc</subfield>
   </datafield>
   <datafield ind2=" " ind1=" " tag="720">
      <subfield code="a">Institut d'Estudis Regionals i Metropolitans de Barcelona</subfield>
      <subfield code="e">author</subfield>
   </datafield>
   <datafield ind2=" " ind1=" " tag="260">
      <subfield code="c">1992-02-01</subfield>
   </datafield>
   <datafield ind2=" " ind1=" " tag="520">
      <subfield code="a">El present quadern, desé de la col·lecció «Papers», està dedicat a l'estudi dels problemes i les potencialitats del transport i la xarxa viària en el territori metropolità de Barcelona. La monografia s'obre amb dos treballs en els quals es presenten les dades i la problemàtica bàsica de la mobilitat, el tràfic i el transport: l'article dedicat a la mobilitat és obra de l'enginyera Maria Teresa Carrillo, mentre que els economistes Anna Matas i Pere Riera són autors del repertori estadéstic i l'anàlisi referents al tràfic i el transport. Segueixen, a continuació, tres treballs en cadascun dels quals s'abordan un aspecte específic del tema en estudi: el primer és una reflexió de l'enginyer Pelayo Martínez sobre el transport públic de superfície i les centrals d'intercanvi a la Regió Metropolitana; en el segon article, l'economista Pere Riera planteja les possibilitats d'avaluar els costos i els beneficis de les operacions que, en matèria de xarxa viària, s'estan duent a terme a l'àrea barcelonina; finalment, el número es tanca amb una aportació de l'enginyer Alfons Rodríguez Bayraguet sobre les activitats logístiques de transport a la Regió Metropolitana.</subfield>
   </datafield>
   <datafield ind1="8" ind2=" " tag="024">
      <subfield code="a">https://hdl.handle.net/20.500.14439/4686</subfield>
   </datafield>
   <datafield tag="653" ind2=" " ind1=" ">
      <subfield code="a">Transport</subfield>
   </datafield>
   <datafield tag="653" ind2=" " ind1=" ">
      <subfield code="a">Carreteres</subfield>
   </datafield>
   <datafield ind2="0" ind1="0" tag="245">
      <subfield code="a">Transport i xarxa viària. Papers; 10</subfield>
   </datafield>
</record></metadata></record></GetRecord></OAI-PMH>